Football par lettre - J - Statistiques

Statistiques générales
  • Ce quiz a été pris 192 fois
  • Le résultat moyen est 12 sur 20
Statistiques - réponses
Hint Réponse % Correct
Emission de Canal + diffusée après le dernier match de la semaine, où Julien Cazarre tenait sa chronique humoristique J+1
96%
Tireur de coup-franc incroyable Juninho
96%
Club surnommé "La vieille dame" Juventus
95%
Latéral chauve passé par Lyon et Paris Christophe Jallet
93%
Selectionneur qui a remporté la CDM 1998 Aimé Jacquet
82%
Joueur espagnol dont le passage au PSG fut un désastre. Il joue désormais en Malaisie et est également chanteur Jesé
80%
Marque de bière qui sponsorise le championnat belge Jupiler
75%
Prénom du frère de Jude Bellingham qui joue à Sunderland Jobe
70%
Il a permis au Real d'éliminer le Bayern en 2024 grace à un doublé Joselu
67%
Coach portugais qui a remporté la Ligue 1 en 2017 Leonardo Jardim
67%
Capitaine de Chelsea, malheureusement peu epargné par les blessures Reece James
57%
Attaquant portugais dont le nom se prononce comme la lettre J dans sa langue Diogo Jota
52%
Gardien français qui a joué avec un maillot Spiderman Jérémie Janot
42%
Club feminin basé en Ile de France où ont joué Gaetane Thiney et Kadidiatou Diani Juvisy
42%
Commentateur iconique de TF1 jusqu'en 2016 et présentateur de Telefoot jusqu'en 2018 Christian Jeanpierre
38%
Film sorti en 2002 qui raconte l'histoire d'une jeune fille obligée de jouer au foot en cachette Joue-la comme Beckham
27%
Nom du ballon de la CDM 2010 Jabulani
26%
Personnage historique qu'on retrouve dans le nom du club de Drancy Jeanne d'Arc
25%
Club basé à Tizi-Ouzou qui porte le nom de la région dans laquelle il se trouve JS Kabylie
17%
Club tcheque ayant participé à la Ligue Europa 2018-19 et qui y a affronté le Stade Rennais Jablonec
14%
Aucun quiz correspondant
Distribution des résultats
% des personnes avec chaque résultat
Percentile par nombre de réponses
Votre historique - résultats
Vous n’avez pas pris ce quiz